2009 WBC(World Baseball Classic) Japanese Members - Statistics

General Stats
  • This quiz has been taken 95 times
  • The average score is 16 of 29
Answer Stats
Hint Answer % Correct
51 Ichiro
98%
11 Yu Darvish
90%
23 Norichika Aoki
77%
18 Daisuke Matsuzaka
73%
15 Masahiro Tanaka
73%
9 Michihiro Ogasawara
73%
52 Munenori Kawasaki
73%
10 Shinnosuke Abe
71%
2 Kenji Jojima
69%
47 Toshiya Sugiuchi
69%
8 Akinori Iwamura
67%
24 Seichi Uchikawa
67%
6 Hiroyuki Nakajima
63%
20 Hisashi Iwakuma
63%
1 Kosuke Fukudome
62%
(25) Shuichi Murata
58%
41 Atsunori Inaba
54%
5 Kenta Kurihara
46%
26 Tetsuya Utsumi
44%
31 Shunsuke Watanabe
42%
35 Yoshiyuki Kamei
38%
29 Yoshiyuki Ishihara
37%
22 Kyuji Fujikawa
35%
7 Yasuyuki Kataoka
35%
39 Tetsuya Yamaguchi
33%
16 Hideaki Wakui
27%
28 Satoshi Komatsu
25%
14 Takahiro Mahara
23%
19 Minoru Iwata
21%
No matching quizzes found
Score Distribution
Percent of People with Each Score
Percentile by Number Answered
Your Score History
You have not taken this quiz